| 000 | 00432nam a2200121Ia 4500 | ||
|---|---|---|---|
| 008 | 160712s9999 xx 000 0 und d | ||
| 100 | _aAgcaoili, Mizhelle D. | ||
| 245 |
_cMizhelle D. Agcaoili _aHybrid identities: Filipino fansubbers of Japanese media and self-construction |
||
| 260 |
_c2011 _bAsian Studies |
||
| 300 | _avol. 47 | ||
| 650 | _xASIAN STUDIES | ||
| 856 | _uhttp://www.asj.upd.edu.ph/index.php/archive/157-vol-47-2011 | ||
| 999 |
_c297532 _d297532 |
||